=LDR 00000nam 2200000 4500 =001 INLIS000000000051779 =005 20200303033413 =035 ##$$a 0010-1217000019 =007 ta =008 200303################g##########0#ind## =020 ##$$a 978.602.1130.09-04 =082 ##$$a 297.412 =084 ##$$a 297.412 SUH d =100 ##$$a Suhadi, M. =245 1#$$a Dahsyatnya shalat, sabar, syukur, sedekah : $b Kisah-kisah inspiratif meraih sukses dengan gerakan 4s /$c M. Suhadi, Lc. =250 ##$$a Cet. 1 =260 ##$$a Surakarta :$b Ziyad,$c 2017 =300 ##$$a 150 hlm. : $b Ilus. ; $c 21 cm =650 #4$$a Shalat =504 ##$$a Bibliografi hlm : 146 - 147 =990 ##$$a 21705345 =990 ##$$a 21705344 =990 ##$$a 21705343 =990 ##$$a 21705342 =990 ##$$a 21705341 =990 ##$$a 21705341 =990 ##$$a 21705345 =990 ##$$a 21705344 =990 ##$$a 21705343 =990 ##$$a 21705342 =990 ##$$a 21705342 =990 ##$$a 21705345 =990 ##$$a 21705344 =990 ##$$a 21705343 =990 ##$$a 21705341 =990 ##$$a 21705343 =990 ##$$a 21705345 =990 ##$$a 21705344 =990 ##$$a 21705342 =990 ##$$a 21705341